000 00323nam a22001337a 4500
999 _c8787
_d8787
003 OSt
008 200710b ||||| |||| 00| 0 eng d
100 _aSomani, Rakesh
245 _aExperimental Medicinal Chemistry-1
260 _aNew Delhi
_bNirali
_c2019
300 _a70
650 _aMedicinal Chemistry
942 _2ddc
_cBK